LEADER 01010nam0-22003251i-450- 001 990006270660403321 005 20090703185706.0 035 $a000627066 035 $aFED01000627066 035 $a(Aleph)000627066FED01 035 $a000627066 100 $a20090703d1935----km-y0itay50------ba 101 0 $aeng 102 $aUS 105 $ay-------001yy 200 1 $aStrategic factors in business cycles$ewith an introduction on recent economic changes$fJohn Maurice Clark 210 $aNew York$cNational Bureau of Economic Research$d1935 215 $aXV, 238 p.$d24 cm 225 1 $aPublications of the national bureau of economic research$v24 676 $a327.111 700 1$aClark,$bJohn Maurice$f<1884-1963>$0105779 801 0$aIT$bUNINA$gRICA$2UNIMARC 901 $aBK 912 $a990006270660403321 952 $aXV C 101 (24)$b66544$fFGBC 952 $a21-1-13$bS.I.$fECA 959 $aFGBC 959 $aECA 996 $aStrategic factors in business cycles$9640379 997 $aUNINA LEADER 01481cam2-2200421---450 001 990005714010203316 005 20220915123448.0 010 $a978-88-7075-795-8 035 $a000571401 035 $aUSA01000571401 035 $a(ALEPH)000571401USA01 035 $a000571401 100 $a20141013d2014----km-y0itay50------ba 101 0 $aita 102 $aIT 105 $aa|||||||001yy 200 1 $a<> biblioteca tra spazio fisico e spazio digitale$eevoluzione di un modello$fAlfredo Giovanni Broletti 210 $aBologna$cEditrice bibliografica$d2014 215 $a231 p.$cill.$d21 cm 225 2 $aBiblioteconomia e scienza dell'informazione$v4 410 0$1001000562943$12001$aBiblioteconomia e scienza dell'informazione$v, 4 606 0 $aBiblioteche pubbliche$xProgettazione$2BNCF 676 $a727.824 700 1$aBROLETTI,$bAlfredo Giovanni$0480359 801 0$aIT$bsalbc$gISBD 912 $a990005714010203316 951 $aI.2. Coll. 10/ 4$b247168 L.M.$cI.2. Coll.$d357781 951 $aI.2. Coll. 10/ 4a$b249199 L.M.$cI.2. Coll. 10/$d387067 959 $aBK 969 $aUMA 979 $c20121027$lUSA01$h1526 979 $c20121027$lUSA01$h1615 979 $aANNAMARIA$b90$c20141013$lUSA01$h1240 979 $aANNAMARIA$b90$c20141027$lUSA01$h0920 979 $aFIORELLA$b90$c20160302$lUSA01$h1045 979 $aFIORELLA$b90$c20160302$lUSA01$h1046 996 $aBiblioteca tra spazio fisico e spazio digitale$9256907 997 $aUNISA